Preddavky na daň z príjmov právnickej osoby v roku 2019

Preddavok na daň z príjmov je definovaný v § 2 písm. u) zákona č. 595/2003 Z. z. o dani z príjmov v z. n. p. ako povinná platba na daň, ktorá sa platí v priebehu zdaňovacieho obdobia, ak skutočná výška dane za toto obdobie nie je ešte známa. Ilustračné príklady.

Salvato in:
Dettagli Bibliografici
Autore principale: Vanková, Lucia
Natura: Capitolo di libro
Lingua:slovacco
Soggetti:
Tags: Aggiungi Tag
Nessun Tag, puoi essere il primo ad aggiungerne!!

MARC

LEADER 00000naa a2200000 4500
001 0252048
005 20221104110852.0
041 0 |a slo 
044 |a SK 
245 1 0 |a Preddavky na daň z príjmov právnickej osoby v roku 2019  |c Lucia Vanková 
520 |a Preddavok na daň z príjmov je definovaný v § 2 písm. u) zákona č. 595/2003 Z. z. o dani z príjmov v z. n. p. ako povinná platba na daň, ktorá sa platí v priebehu zdaňovacieho obdobia, ak skutočná výška dane za toto obdobie nie je ešte známa. Ilustračné príklady. 
610 2 0 |a dane z príjmov 
610 2 0 |a osoby právnické 
610 2 0 |a zákony 
610 2 0 |a Slovensko 
610 2 0 |a preddavky 
100 1 |a Vanková, Lucia